[Event "Mistrzostwa Polski Juniorow Mlodszych do lat 14 - OOM Zachodniopomorskie 2023"]
[Site "Darlowek"]
[Date "1899-12-30"]
[Round "2.20"]
[White "Gruca, Karol"]
[Black "Kowalski, Witold"]
[Result "1/2-1/2"]
[WhiteTitle "II+"]
[BlackTitle "I+"]
[WhiteElo "1510"]
[BlackElo "1662"]

1. e4 c5 2. Nf3 e6 3. d4 cxd4 4. Nxd4 Nc6 5. Nxc6 bxc6 6. Nc3 d5 7. Bd3 Nf6 8.
Qe2 Be7 9. O-O O-O 10. b3 Nd7 11. Na4 Ne5 12. Bb2 Nxd3 13. cxd3 Ba6 14. Rfd1 Rc8
15. Qg4 d4 16. Bc1 f5 17. Qh3 Qd6 18. f3 Rce8 19. Nb2 e5 20. exf5 Bc8 21. Nc4
Qd5 22. g4 g6 23. fxg6 hxg6 24. Qh6 Qxf3 25. Qxg6+ Kh8 26. Qh5+ Kg8 27. Qg6+ Kh8
28. Qh5+ Kg8 29. Qg6+ Kh8 30. Qh5+ Kg8 1/2-1/2

[Event "Mistrzostwa Polski Juniorow Mlodszych do lat 14 - OOM Zachodniopomorskie 2023"]
[Site "Darlowek"]
[Date "1899-12-30"]
[Round "2.21"]
[White "Lechowski, Witold"]
[Black "Jaszczuk, Piotr"]
[Result "1-0"]
[WhiteTitle "I"]
[BlackTitle "II"]
[WhiteElo "1650"]
[BlackElo "1556"]

1. d4 Nf6 2. Nf3 g6 3. c4 Bg7 4. Nc3 O-O 5. e4 d6 6. Be2 Nbd7 7. O-O e5 8. Be3
Ng4 9. Bg5 f6 10. Bd2 f5 11. Bg5 Ngf6 12. exf5 gxf5 13. dxe5 dxe5 14. Qc2 e4 15.
Nd4 Ne5 16. Rad1 Qe8 17. f3 exf3 18. Bxf3 Nxf3+ 19. Rxf3 Ne4 20. Bf4 c6 21. Re3
Qf7 22. Nxe4 fxe4 23. Ne2 Bg4 24. Rf1 Rae8 25. h3 Bxe2 26. Rxe2 e3 27. Rf3 Qh5
28. c5 Qd5 29. Qb3 Qxb3 30. axb3 Bd4 31. Rg3+ Kh8 32. Bxe3 Rxe3 33. Rexe3 Re8
34. Kf2 Bxc5 35. Ke2 Rxe3+ 36. Rxe3 Bxe3 37. Kxe3 Kg7 38. Ke4 Kf6 39. g3 Ke6 40.
b4 b6 41. g4 h6 42. h4 Kf6 43. Kf4 Ke6 44. Ke4 Kf6 45. Kf4 Ke6 46. b3 a6 47. Ke4
Kf6 48. g5+ hxg5 49. hxg5+ Kxg5 50. Ke5 a5 51. bxa5 bxa5 52. Kd6 Kf5 53. Kxc6
Ke5 54. Kb5 Kd5 55. Kxa5 Kc5 56. b4+ Kc6 57. Ka6 Kc7 58. b5 Kb8 59. Kb6 Ka8 60.
Kc7 1-0

[Event "Mistrzostwa Polski Juniorow Mlodszych do lat 14 - OOM Zachodniopomorskie 2023"]
[Site "Darlowek"]
[Date "1899-12-30"]
[Round "2.22"]
[White "Nocek, Dominik"]
[Black "Majcher, Igor"]
[Result "1/2-1/2"]
[WhiteTitle "I"]
[BlackTitle "II+"]
[WhiteElo "1501"]
[BlackElo "1646"]

1. e4 c5 2. Nf3 d6 3. d4 cxd4 4. Nxd4 Nf6 5. Nc3 a6 6. g3 e6 7. Bg2 Be7 8. O-O
Qc7 9. Be3 Nc6 10. Nxc6 bxc6 11. Na4 Rb8 12. c4 c5 13. b3 O-O 14. Nc3 Rd8 15.
g4 Nd7 16. g5 Bb7 17. Qh5 Bc6 18. f4 g6 19. Qh4 f5 20. exf5 gxf5 21. Qg3 Nf8 22.
Rad1 Qb7 23. Bxc6 Qxc6 24. Rd3 Rd7 25. Rfd1 Rbd8 26. h4 Qb7 27. Kf2 d5 28. cxd5
exd5 29. Nxd5 Rxd5 30. Qf3 Rxd3 31. Qxb7 R8d7 32. Qxa6 Rxd1 33. Qc4+ Kg7 34. Bxc5
R1d2+ 35. Ke1 Rd1+ 36. Ke2 R1d2+ 37. Ke1 R2d3 38. Bxe7 Rxe7+ 39. Kf2 Rd2+ 40.
Kf3 Red7 41. Ke3 Ne6 42. h5 R2d4 43. Qb5 Rd3+ 1/2-1/2

[Event "Mistrzostwa Polski Juniorow Mlodszych do lat 14 - OOM Zachodniopomorskie 2023"]
[Site "Darlowek"]
[Date "1899-12-30"]
[Round "2.23"]
[White "Rosa, Antoni"]
[Black "Wojtacha, Krzysztof"]
[Result "0-1"]
[WhiteTitle "I++"]
[BlackTitle "I"]
[WhiteElo "1643"]
[BlackElo "1505"]

1. c4 e5 2. Nc3 Nf6 3. d3 c6 4. g3 d5 5. Nf3 d4 6. Nb1 Bd6 7. Bg2 h6 8. O-O O-O
9. e3 c5 10. Na3 a6 11. Nc2 Nc6 12. a3 Bg4 13. h3 Bh5 14. g4 Bg6 15. e4 Nh7 16.
b4 Re8 17. bxc5 Bxc5 18. Rb1 Qe7 19. Nb4 Bxb4 20. axb4 b5 21. Qb3 Reb8 22. c5
Rd8 23. Nh2 Kh8 24. f4 f6 25. f5 Bf7 26. Qc2 a5 27. bxa5 Rxa5 28. Bd2 Ra2 29.
Rb2 Rda8 30. Nf3 b4 31. h4 b3 32. Qc1 Rxb2 33. Qxb2 Ra2 34. Qb1 Qb7 35. g5 fxg5
36. hxg5 hxg5 37. Bxg5 b2 38. Bc1 Qb4 39. f6 gxf6 40. Bd2 Qb3 41. Qe1 Ra1 42.
Qg3 Rxf1+ 43. Bxf1 b1=Q 44. Bh6 Bg6 45. Nd2 Qxf1+ 46. Nxf1 Qg8 47. Kh2 Bf7 48.
Qh4 Be6 49. Qh5 Qf7 50. Qh4 Qg6 51. Ng3 Qg4 52. Qh5 Qxh5+ 53. Nxh5 Kg8 54. Kg2
Nb4 55. Ng7 Bc8 56. Ne8 Bd7 57. Nc7 Nxd3 58. Na6 Ng5 59. Kf1 Nxe4 60. Nb8 Ndxc5
61. Nxd7 Nxd7 62. Ke2 Ng5 63. Kd3 Kh7 64. Bxg5 fxg5 0-1

[Event "Mistrzostwa Polski Juniorow Mlodszych do lat 14 - OOM Zachodniopomorskie 2023"]
[Site "Darlowek"]
[Date "1899-12-30"]
[Round "2.24"]
[White "Uhryn, Mateusz"]
[Black "Klim, Juliusz"]
[Result "1/2-1/2"]
[WhiteTitle "I"]
[BlackTitle "I+"]
[WhiteElo "1485"]
[BlackElo "1607"]

1. d4 d5 2. c4 e6 3. Nf3 Nf6 4. Nc3 c6 5. g3 Be7 6. Bg2 O-O 7. O-O dxc4 8. Ne5
c5 9. dxc5 Bxc5 10. Nxc4 Nc6 11. Be3 Bxe3 12. Nxe3 Qe7 13. Qb3 Rd8 14. Rfd1 Na5
15. Qa4 Rxd1+ 16. Rxd1 Nc6 17. Qb5 Qc7 18. Ne4 Nxe4 19. Bxe4 Bd7 20. Bxh7+ Kxh7
21. Qd3+ Kg8 22. Qxd7 Rc8 23. a3 Qb8 24. Qd2 Rd8 25. Qc1 Nd4 26. Qc4 Qe5 27. b4
Qe4 28. Qa2 f5 29. Qb1 Nxe2+ 30. Kf1 Rxd1+ 31. Qxd1 Nd4 32. Kg1 f4 33. gxf4 Qxf4
34. Qh5 Nf3+ 35. Kg2 Nd4 36. Qe8+ Kh7 37. Qh5+ Kg8 38. Qe8+ Kh7 39. Qh5+ Kg8 1/2-1/2

[Event "Mistrzostwa Polski Juniorow Mlodszych do lat 14 - OOM Zachodniopomorskie 2023"]
[Site "Darlowek"]
[Date "1899-12-30"]
[Round "2.25"]
[White "Micula, Jakub"]
[Black "Durzynski, Jan"]
[Result "1-0"]
[WhiteTitle "I"]
[BlackTitle "I"]
[WhiteElo "1600"]
[BlackElo "1499"]

1. d4 d5 2. c4 e6 3. Nf3 Nf6 4. g3 dxc4 5. Bg2 c6 6. O-O Be7 7. a4 O-O 8. Qc2 Nbd7
9. Nbd2 c5 10. Nxc4 cxd4 11. Nxd4 Nb6 12. Rd1 Nxc4 13. Nc6 Qxd1+ 14. Qxd1 bxc6
15. b3 Rd8 16. Qc2 Nd6 17. Bd2 Bb7 18. Ba5 Rd7 19. Rd1 Nf5 20. e4 Nd4 21. Qc4
c5 22. f3 e5 23. Kf2 Nc6 24. Rxd7 Nxa5 25. Qd3 Nxd7 26. Qxd7 Bf6 27. Qb5 Rb8 28.
Qxa5 Bd8 29. Qxa7 Bc7 30. Bf1 g6 31. Bc4 h5 32. a5 Bd6 33. Qb6 Bf8 1-0

[Event "Mistrzostwa Polski Juniorow Mlodszych do lat 14 - OOM Zachodniopomorskie 2023"]
[Site "Darlowek"]
[Date "1899-12-30"]
[Round "2.26"]
[White "Stachowiak, Bruno"]
[Black "Wolski, Ernest"]
[Result "1-0"]
[WhiteTitle "II"]
[BlackTitle "II"]
[WhiteElo "1596"]
[BlackElo "1317"]

1. d4 b5 2. e4 a6 3. c4 bxc4 4. Bxc4 e6 5. Nc3 Bb7 6. Qb3 Nc6 7. Qd1 Bb4 8. Nf3
Nf6 9. e5 Ne4 10. Qc2 f5 11. O-O Bxc3 12. bxc3 O-O 13. Ba3 Ng5 14. Nxg5 Qxg5 15.
f4 Qg6 16. Bxf8 Rxf8 17. Qe2 a5 18. Rab1 Nd8 19. Rb5 h5 20. Rfb1 Bc6 21. Rxa5
Qh6 22. d5 Qxf4 23. dxc6 Nxc6 24. Rc5 g5 25. Bxe6+ dxe6 26. Rxc6 g4 27. Qc4 Qxc4
28. Rxc4 Kg7 29. Rxc7+ Kg6 30. Re7 1-0

[Event "Mistrzostwa Polski Juniorow Mlodszych do lat 14 - OOM Zachodniopomorskie 2023"]
[Site "Darlowek"]
[Date "1899-12-30"]
[Round "3.1"]
[White "Cieslak, Patryk"]
[Black "Lecki, Leonard"]
[Result "0-1"]
[WhiteTitle "FM"]
[BlackTitle "I+"]
[WhiteElo "2319"]
[BlackElo "1962"]

1. Nf3 c5 2. e4 e6 3. d4 cxd4 4. Nxd4 a6 5. g3 Nf6 6. Bg2 Qc7 7. O-O Be7 8. Qe2
d6 9. c4 Nbd7 10. b3 Rb8 11. Bb2 b6 12. Nc3 Bb7 13. Rad1 O-O 14. f4 Rfe8 15. Rfe1
Red8 16. Kh1 Bf8 17. g4 e5 18. Nf5 g6 19. fxe5 Nxe5 20. Ne3 Bh6 21. h3 Qc5 22.
Ned5 Bxd5 23. Nxd5 Nxd5 24. Rxd5 Qc7 25. Red1 Qe7 26. Ba3 Bf4 27. Qf1 Qg5 28.
Bxd6 Rxd6 29. Rxd6 h5 30. R6d5 hxg4 31. R1d3 Kg7 32. Rxe5 Bxe5 33. Rd7 Bf4 34.
Rd5 Be5 35. Rd7 Rf8 36. Rd5 gxh3 37. Bf3 Qg3 38. Qe2 h2 39. Bg2 Rh8 40. Rd3 Qg5
41. Qd2 Qf6 42. Rf3 Rd8 43. Qe2 Bf4 44. Rf1 g5 45. Qg4 Rd2 46. Qh5 Qe5 47. a4
a5 48. Qf3 Qd4 49. Qg4 Qe3 50. e5 Rf2 51. Rb1 Qg3 52. Qxg3 Bxg3 53. Bd5 Bxe5 54.
b4 axb4 55. c5 bxc5 56. a5 Rd2 57. Bc4 g4 58. Re1 g3 59. Bf1 f6 60. a6 Ra2 61.
Re4 g2+ 0-1

[Event "Mistrzostwa Polski Juniorow Mlodszych do lat 14 - OOM Zachodniopomorskie 2023"]
[Site "Darlowek"]
[Date "1899-12-30"]
[Round "3.2"]
[White "Pycinski, Wladyslaw"]
[Black "Sowinski, Pawel"]
[Result "1/2-1/2"]
[WhiteTitle "I"]
[BlackTitle "FM"]
[WhiteElo "1942"]
[BlackElo "2313"]

1. d4 Nf6 2. Nf3 e6 3. g3 b5 4. e3 a6 5. a4 b4 6. Bg2 Bb7 7. O-O d5 8. Nbd2 c5
9. c4 dxc4 10. Nxc4 Nbd7 11. Nfe5 Bxg2 12. Kxg2 cxd4 13. exd4 Rc8 14. Bg5 Be7
15. Nxd7 Qxd7 16. Ne5 Qd5+ 17. Nf3 O-O 18. Rc1 h6 19. Bxf6 Bxf6 20. Qd3 a5 21.
Rfd1 Rfd8 22. Rxc8 Rxc8 23. Rd2 Rd8 24. Qc2 g5 25. h3 h5 26. g4 hxg4 27. hxg4
Kg7 28. b3 Rh8 29. Re2 Qb7 30. Qe4 Qxe4 31. Rxe4 Rc8 32. Re3 Kf8 33. Ne5 Ke7 34.
Kf3 Rc2 35. Rd3 Kd6 1/2-1/2

[Event "Mistrzostwa Polski Juniorow Mlodszych do lat 14 - OOM Zachodniopomorskie 2023"]
[Site "Darlowek"]
[Date "1899-12-30"]
[Round "3.3"]
[White "Warchol, Kamil"]
[Black "Liskiewicz, Jakub"]
[Result "1-0"]
[WhiteTitle "FM"]
[BlackTitle "I++"]
[WhiteElo "2103"]
[BlackElo "1902"]

1. e4 Nf6 2. e5 Nd5 3. d4 d6 4. Nf3 g6 5. Bc4 Nb6 6. Bb3 Bg7 7. Ng5 d5 8. O-O h6
9. Nf3 Bg4 10. Nbd2 e6 11. h3 Bxf3 12. Nxf3 Nc6 13. c3 Qe7 14. Bc2 O-O-O 15. b4
Rdg8 16. a4 g5 17. a5 Nd7 18. b5 Ncb8 19. c4 Bf8 20. cxd5 exd5 21. Bf5 h5 22.
g4 hxg4 23. Bxg4 f5 24. Bxf5 g4 25. hxg4 Rxg4+ 26. Bxg4 Qh7 27. Kg2 Qe4 28. Rg1
Qxg4+ 29. Kf1 Qh3+ 30. Ke2 Be7 31. Be3 Qe6 32. Qc2 Nf8 33. Rac1 Qd7 34. Qd3 Ne6
35. Rh1 Rf8 36. Rh7 Qe8 37. Rg1 Bd8 38. Nd2 Rf4 39. Ke1 Rf8 40. Qg6 Qxb5 41. Qxe6+
Nd7 42. Qxd7+ Qxd7 43. Rxd7 1-0

[Event "Mistrzostwa Polski Juniorow Mlodszych do lat 14 - OOM Zachodniopomorskie 2023"]
[Site "Darlowek"]
[Date "1899-12-30"]
[Round "3.4"]
[White "Komendecki, Antoni"]
[Black "Suska, Szymon"]
[Result "1/2-1/2"]
[WhiteTitle "I++"]
[BlackTitle "I"]
[WhiteElo "1999"]
[BlackElo "1879"]

1. e4 c5 2. Nf3 Nc6 3. d4 cxd4 4. Nxd4 e6 5. Nc3 Qc7 6. g3 a6 7. Bg2 Nf6 8. O-O
Be7 9. Be3 O-O 10. Qe2 d6 11. Rad1 Bd7 12. Nxc6 Bxc6 13. g4 b5 14. a3 Qb7 15.
Bc1 a5 16. g5 Nd7 17. b4 Ne5 18. f4 Nc4 19. Rd3 axb4 20. axb4 Ra1 21. Rh3 g6 22.
Qe1 f5 23. exf5 Bxg2 24. Qxe6+ Kh8 25. Rxh7+ Kxh7 26. Qxg6+ Kh8 27. Qh6+ Kg8 28.
Qg6+ Kh8 29. Qh6+ Kg8 30. Qg6+ Kh8 1/2-1/2

[Event "Mistrzostwa Polski Juniorow Mlodszych do lat 14 - OOM Zachodniopomorskie 2023"]
[Site "Darlowek"]
[Date "1899-12-30"]
[Round "3.5"]
[White "Futyma, Dawid"]
[Black "Zielonka, Adam"]
[Result "1/2-1/2"]
[WhiteTitle "I"]
[BlackTitle "I++"]
[WhiteElo "1519"]
[BlackElo "2100"]

1. d4 Nf6 2. c4 e6 3. g3 c5 4. d5 exd5 5. cxd5 d6 6. Nc3 g6 7. Nf3 Bg7 8. Bg2 O-O
9. O-O Re8 10. Re1 a6 11. a4 Nbd7 12. Bf4 Qc7 13. e4 Nh5 14. Bd2 Rb8 15. a5 b5
16. axb6 Qxb6 17. Qa4 Nhf6 18. Bc1 Qb4 19. Bf4 Qxb2 20. Bxd6 Rb4 21. Qa3 Qxa3
22. Rxa3 Nxe4 23. Nxe4 Rexe4 24. Rxe4 Rxe4 25. Bf1 c4 26. Nd2 Rd4 27. Nxc4 Rxd5
28. Re3 Bb7 29. Re8+ Nf8 30. Rb8 Bc6 31. Ba3 Rd1 32. Ne3 Ra1 33. Nc2 1/2-1/2

[Event "Mistrzostwa Polski Juniorow Mlodszych do lat 14 - OOM Zachodniopomorskie 2023"]
[Site "Darlowek"]
[Date "1899-12-30"]
[Round "3.6"]
[White "Ratajczak, Hubert"]
[Black "Kraczek, Cezary"]
[Result "1/2-1/2"]
[WhiteTitle "I"]
[BlackTitle "I"]
[WhiteElo "1972"]
[BlackElo "1720"]

1. c4 Nf6 2. Nc3 e6 3. e4 d5 4. cxd5 exd5 5. e5 Ne4 6. Nf3 Bf5 7. d3 Nxc3 8. bxc3
c5 9. Be2 Nc6 10. O-O Be7 11. d4 cxd4 12. cxd4 O-O 13. Qb3 Qd7 14. Bf4 Rac8 15.
Qe3 Nb4 16. Ne1 Nc2 17. Nxc2 Rxc2 18. Bd1 Rcc8 19. h3 Bb4 20. Qb3 Bc3 21. Rc1
Bxd4 22. Bf3 Be6 23. Rcd1 Rc3 24. Rxd4 Rxb3 25. axb3 Qb5 26. b4 h6 27. Be3 b6
28. Ra1 a5 29. Ra2 Rc8 30. Be2 Qd7 1/2-1/2

[Event "Mistrzostwa Polski Juniorow Mlodszych do lat 14 - OOM Zachodniopomorskie 2023"]
[Site "Darlowek"]
[Date "1899-12-30"]
[Round "3.7"]
[White "Haladaj, Adam"]
[Black "Zmarzly, Wiktor"]
[Result "0-1"]
[WhiteTitle "I"]
[BlackTitle "I+"]
[WhiteElo "1614"]
[BlackElo "1763"]

1. e4 e5 2. Nf3 Nc6 3. d4 exd4 4. Bc4 Nf6 5. e5 d5 6. Bb5 Nd7 7. O-O Be7 8. Re1
O-O 9. Bxc6 bxc6 10. Nxd4 Nb8 11. f4 c5 12. Nf3 d4 13. Nbd2 Bf5 14. Nc4 Nc6 15.
h3 Nb4 16. Na3 Qd5 17. Bd2 d3 18. c3 Nc2 19. Nxc2 dxc2 20. Qe2 Rab8 21. c4 Qc6
22. Bc3 Rfd8 23. b3 Rd3 24. Bb2 Rbd8 25. Rac1 Rxf3 26. Qxf3 Qxf3 27. gxf3 Rd2
28. Bc3 Rd3 29. Rxc2 Rxf3 30. Rcc1 Bh4 31. Rf1 Rg3+ 32. Kh2 Rxh3+ 33. Kg2 Re3
34. Rf3 Be4 35. Rcf1 Rxc3 0-1

[Event "Mistrzostwa Polski Juniorow Mlodszych do lat 14 - OOM Zachodniopomorskie 2023"]
[Site "Darlowek"]
[Date "1899-12-30"]
[Round "3.8"]
[White "Jablonski, Antoni"]
[Black "Terkiewicz, Bruno"]
[Result "1/2-1/2"]
[WhiteTitle "II+"]
[BlackTitle "I++"]
[WhiteElo "1567"]
[BlackElo "1998"]

1. d4 d5 2. c4 e6 3. Nf3 c5 4. cxd5 exd5 5. g3 Nf6 6. Bg2 Nc6 7. O-O Be7 8. Nc3
O-O 9. dxc5 Bxc5 10. Bg5 d4 11. Bxf6 Qxf6 12. Nd5 Qd8 13. Nd2 Re8 14. Rc1 Bf8
15. Nb3 Be6 16. Nf4 Qb6 17. Bxc6 bxc6 18. Qxd4 Bxb3 19. Qxb6 axb6 20. axb3 g5
21. Nh5 Rxe2 22. Rxc6 Bc5 23. Nf6+ Kg7 24. Nd7 Bd4 25. Rd6 Rd2 26. Nxb6 Bxf2+
27. Kh1 Rxd6 28. Nxa8 Bd4 29. Rd1 Rd8 30. Nc7 Bf6 31. Rxd8 Bxd8 32. Nd5 f5 33.
Kg2 Kf7 34. Kf3 Ke6 35. Ne3 h5 36. b4 Bc7 37. h3 Bb6 38. Nc4 Bd4 39. b5 Kd5 40.
b3 Ba7 41. Ne3+ Ke6 42. b4 g4+ 43. hxg4 hxg4+ 44. Kf4 Bb8+ 45. Kg5 Bxg3 46. Nxf5
Bd6 47. b6 g3 48. Nxg3 1/2-1/2

[Event "Mistrzostwa Polski Juniorow Mlodszych do lat 14 - OOM Zachodniopomorskie 2023"]
[Site "Darlowek"]
[Date "1899-12-30"]
[Round "3.9"]
[White "Bartodziej, Bartosz"]
[Black "Lechowski, Witold"]
[Result "1-0"]
[WhiteTitle "I"]
[BlackTitle "I"]
[WhiteElo "1936"]
[BlackElo "1650"]

1. e4 c5 2. Nf3 d6 3. d4 cxd4 4. Nxd4 Nf6 5. Nc3 a6 6. Be3 e5 7. Nf3 Be7 8. Bc4
O-O 9. O-O Be6 10. Bb3 h6 11. Qe2 Qc7 12. Rfd1 Rd8 13. Nd2 b5 14. Nf1 Nbd7 15.
a3 Rac8 16. Rd2 Qb7 17. f3 Nf8 18. Rad1 Kh7 19. Nd5 Bxd5 20. Bxd5 Nxd5 21. Rxd5
Ne6 22. Qd2 Qc6 23. c3 Nc7 24. Rd3 Bf8 25. Ng3 g6 26. h4 Rd7 27. h5 Rcd8 28. hxg6+
fxg6 29. Kf2 d5 30. Bxh6 Bxh6 31. Rh1 g5 32. Nf5 dxe4 33. Rxh6+ Kg8 34. Qxg5+
Kf8 35. Rh8+ Kf7 36. Qg7+ Ke6 37. Qg6# 1-0

[Event "Mistrzostwa Polski Juniorow Mlodszych do lat 14 - OOM Zachodniopomorskie 2023"]
[Site "Darlowek"]
[Date "1899-12-30"]
[Round "3.10"]
[White "Micula, Jakub"]
[Black "Jasiulewicz, Dawid"]
[Result "1-0"]
[WhiteTitle "I"]
[BlackTitle "I"]
[WhiteElo "1600"]
[BlackElo "1927"]

1. d4 d5 2. c4 dxc4 3. Nf3 Nf6 4. e3 e6 5. Bxc4 c5 6. O-O a6 7. Qe2 b5 8. Bb3 Bb7
9. Nc3 Nbd7 10. Rd1 Qb8 11. e4 cxd4 12. Nxd4 Bd6 13. Nf3 O-O 14. a3 Ne5 15. Nd4
Ng6 16. g3 h5 17. Bg5 h4 18. Bxf6 gxf6 19. Qh5 Bc8 20. Nxe6 Bxe6 21. Bxe6 Kg7
22. Bf5 hxg3 23. hxg3 Bxg3 24. Rd7 Bxf2+ 25. Kxf2 Qf4+ 26. Ke2 Qg3 27. Qxg6+ Qxg6
28. Bxg6 Kxg6 29. Rg1+ 1-0

[Event "Mistrzostwa Polski Juniorow Mlodszych do lat 14 - OOM Zachodniopomorskie 2023"]
[Site "Darlowek"]
[Date "1899-12-30"]
[Round "3.11"]
[White "Karwot, Marek"]
[Black "Bochniak, Franciszek"]
[Result "0-1"]
[WhiteTitle "II+"]
[BlackTitle "I++"]
[WhiteElo "1597"]
[BlackElo "1884"]

1. e4 c5 2. c3 e5 3. Nf3 Nc6 4. Bc4 Nf6 5. Ng5 d5 6. exd5 Nxd5 7. Qh5 g6 8. Qf3
Qxg5 9. Bxd5 Nd8 10. O-O Qe7 11. Re1 Be6 12. Rxe5 Bg7 13. Re1 O-O 14. Bc4 Qd7
15. d3 Re8 16. Kf1 Nc6 17. Bf4 Bg4 18. Qd5 Rxe1+ 19. Kxe1 Qxd5 20. Bxd5 Nb4 21.
cxb4 Bxb2 22. bxc5 Re8+ 23. Be3 b6 24. cxb6 axb6 25. a4 Bxa1 26. Kd2 Bd7 27. Bxb6
Bxa4 28. Na3 Rb8 29. Nc4 Bb3 30. Bc5 Rd8 31. Be4 Bxc4 0-1

[Event "Mistrzostwa Polski Juniorow Mlodszych do lat 14 - OOM Zachodniopomorskie 2023"]
[Site "Darlowek"]
[Date "1899-12-30"]
[Round "3.12"]
[White "Stachowiak, Bruno"]
[Black "Kania, Franciszek"]
[Result "1/2-1/2"]
[WhiteTitle "II"]
[BlackTitle "I"]
[WhiteElo "1596"]
[BlackElo "1875"]

1. e4 c5 2. c4 Nc6 3. Ne2 e5 4. g3 g6 5. Bg2 Bg7 6. O-O Nge7 7. d3 O-O 8. b3 d6
9. Bb2 a6 10. Nbc3 Rb8 11. f4 exf4 12. Nxf4 b5 13. Rb1 Nd4 14. Nfd5 Nec6 15. h3
Be5 16. g4 Kg7 17. Bc1 Ne6 18. Ne2 h6 19. Be3 Rh8 20. Qd2 b4 21. Rf2 Rb7 22. Rbf1
a5 23. Nef4 Ned4 24. Ne2 Ne6 25. Nef4 Ned4 26. Ne2 Ne6 27. Nef4 Ned4 28. Ne2 Ne6
29. Nef4 Ned4 30. Ne2 Ne6 1/2-1/2

[Event "Mistrzostwa Polski Juniorow Mlodszych do lat 14 - OOM Zachodniopomorskie 2023"]
[Site "Darlowek"]
[Date "1899-12-30"]
[Round "3.13"]
[White "Rajlich, Vaclav"]
[Black "Dobosiewicz, Dawid"]
[Result "0-1"]
[WhiteTitle "I"]
[BlackTitle "I+"]
[WhiteElo "1530"]
[BlackElo "1872"]

1. e4 c6 2. d4 d5 3. exd5 cxd5 4. c4 Nc6 5. Nc3 Nf6 6. Bg5 Qa5 7. Bd2 dxc4 8. Bxc4
Qb6 9. Nge2 Bg4 10. Be3 Qb4 11. Bb5 Nd5 12. O-O Nxc3 13. Bxc6+ bxc6 14. bxc3 Qc4
15. f3 Bf5 16. Re1 e6 17. Ng3 Bg6 18. f4 Bd6 19. Qf3 O-O 20. h4 Rab8 21. h5 Bf5
22. Nxf5 exf5 23. Rab1 Rfe8 24. Rxb8 Rxb8 25. Qe2 Qxc3 26. Rc1 Qa3 27. Rxc6 Re8
28. Rxd6 Qxd6 29. Qd3 Qd5 30. a3 h6 31. Kf2 Rb8 32. a4 Rb2+ 33. Bd2 Qa2 34. Ke2
Qd5 35. Kf2 Rb3 36. Bc3 Qc6 0-1

[Event "Mistrzostwa Polski Juniorow Mlodszych do lat 14 - OOM Zachodniopomorskie 2023"]
[Site "Darlowek"]
[Date "1899-12-30"]
[Round "3.14"]
[White "Jagodzinski, Jaromir"]
[Black "Rekuc, Patryk"]
[Result "0-1"]
[WhiteTitle "II+"]
[BlackTitle "I"]
[WhiteElo "1473"]
[BlackElo "1852"]

1. e4 c5 2. Nf3 d6 3. d4 cxd4 4. Nxd4 Nf6 5. Nc3 a6 6. Nb3 e5 7. Bg5 Be6 8. f4
Nbd7 9. f5 Bxb3 10. axb3 Be7 11. Bxf6 Nxf6 12. Bc4 O-O 13. Qf3 Rc8 14. g4 b5 15.
Bd3 b4 16. Nd5 Nxd5 17. exd5 Bh4+ 18. Ke2 e4 19. Bxe4 Re8 20. Kf1 Qb6 21. Kg2
Qd4 22. Kh3 Rxe4 23. Kxh4 Qf6+ 24. Kh3 Qh6+ 25. Kg2 Rxc2+ 26. Kg1 Rxg4+ 27. Qg3
Rxg3+ 28. hxg3 Qe3+ 29. Kf1 Qf2# 0-1

[Event "Mistrzostwa Polski Juniorow Mlodszych do lat 14 - OOM Zachodniopomorskie 2023"]
[Site "Darlowek"]
[Date "1899-12-30"]
[Round "3.15"]
[White "Olszewski, Antoni"]
[Black "Uhryn, Lukasz"]
[Result "1-0"]
[WhiteTitle "II+"]
[BlackTitle "I"]
[WhiteElo "1821"]
[BlackElo "1455"]

1. e4 c6 2. d4 d5 3. exd5 cxd5 4. Bd3 e6 5. Bf4 Nf6 6. Nf3 Be7 7. Nbd2 Nc6 8. c3
O-O 9. O-O Qb6 10. b4 Bd7 11. Nb3 Rfc8 12. Qd2 Qd8 13. Nc5 b6 14. Nb3 Ne4 15.
Bxe4 dxe4 16. Ng5 Bxg5 17. Bxg5 f6 18. Bf4 g5 19. d5 Ne7 20. dxe6 Bxe6 21. Be3
Qd3 22. Bd4 Kf7 23. Qxd3 exd3 24. Rfd1 Bf5 25. Nd2 Nd5 26. Rac1 Nf4 27. Kf1 Ne2
28. Rb1 Nxc3 29. Bxc3 Rxc3 30. Nb3 Rac8 31. Nd4 Bg6 32. Nb5 Ke6 33. Nxc3 Rxc3
34. Rb2 Kd5 35. Ke1 Kc4 36. Kd2 Rc2+ 37. Rxc2+ dxc2 38. Re1 Kxb4 39. Re3 a5 40.
Rb3+ Kc5 41. Rc3+ Kb5 42. Rb3+ Ka6 43. a4 Kb7 44. g4 Kc6 45. Kc1 Kc5 46. Rb5+
Kc6 47. Rb3 Kb7 48. Kd2 Ka6 49. Kc1 h6 50. Kd2 Be4 51. Re3 f5 52. f3 Bc6 53. gxf5
Bxa4 54. f6 Bc6 55. f7 b5 56. f8=Q a4 57. Qc5 Bd7 58. Rd3 Bh3 59. Rd6+ Ka5 60.
Qc3+ 1-0

[Event "Mistrzostwa Polski Juniorow Mlodszych do lat 14 - OOM Zachodniopomorskie 2023"]
[Site "Darlowek"]
[Date "1899-12-30"]
[Round "3.16"]
[White "Wojtacha, Krzysztof"]
[Black "Nowakowski, Maksymilian"]
[Result "1-0"]
[WhiteTitle "I"]
[BlackTitle "I"]
[WhiteElo "1505"]
[BlackElo "1788"]

1. e4 e6 2. d4 d5 3. Nc3 Nf6 4. Bg5 Be7 5. e5 Nfd7 6. h4 Bxg5 7. hxg5 Qxg5 8. Nh3
Qe7 9. Qg4 f5 10. Qg3 b6 11. Nf4 Nf8 12. Be2 Nbd7 13. Ncxd5 exd5 14. Nxd5 Qf7
15. Nxc7+ Kd8 16. Nxa8 Bb7 17. Nc7 f4 18. Qc3 Bxg2 19. Rg1 f3 20. Nb5 Ne6 21.
Nd6 Qf8 22. Bb5 Nc7 23. O-O-O h5 24. Nb7+ Kc8 25. Qc6 Qf4+ 26. Kb1 Nb8 27. Nd6+
Kd8 28. Qb7 1-0

[Event "Mistrzostwa Polski Juniorow Mlodszych do lat 14 - OOM Zachodniopomorskie 2023"]
[Site "Darlowek"]
[Date "1899-12-30"]
[Round "3.17"]
[White "Werblinski, Wojciech"]
[Black "Przybylski, Jan"]
[Result "0-1"]
[WhiteTitle "II"]
[BlackTitle "I+"]
[WhiteElo "1253"]
[BlackElo "1671"]

1. e4 e5 2. Nf3 Nc6 3. d4 exd4 4. Nxd4 Nf6 5. Nxc6 bxc6 6. e5 Qe7 7. Qe2 Nd5 8.
c4 Ba6 9. b3 g6 10. f4 Bg7 11. Qf2 Nf6 12. Be2 Ne4 13. Qe3 f5 14. Ba3 Qe6 15.
Bf3 d5 16. Bxe4 dxe4 17. Nc3 g5 18. g3 gxf4 19. gxf4 Bh6 20. Ke2 O-O-O 21. Rad1
Qf7 22. Qh3 Bxf4 23. Nxe4 Bxc4+ 24. Kf3 Be6 25. Nc5 Bxe5 26. Nxe6 Qxe6 27. Rhe1
Rxd1 28. Rxd1 Bd6 29. Bxd6 cxd6 30. Kf2 Re8 31. Qd3 d5 32. Qd2 Qe4 33. Qd3 Kc7
34. Qg3+ f4 35. Qd3 Qe3+ 36. Qxe3 fxe3+ 37. Ke2 Kd6 38. b4 Re4 39. a3 Rh4 40.
Kxe3 Rxh2 41. Kd4 Rh3 42. a4 Rb3 43. b5 c5# 0-1

[Event "Mistrzostwa Polski Juniorow Mlodszych do lat 14 - OOM Zachodniopomorskie 2023"]
[Site "Darlowek"]
[Date "1899-12-30"]
[Round "3.18"]
[White "Klim, Juliusz"]
[Black "Butkiewicz, Jan"]
[Result "1/2-1/2"]
[WhiteTitle "I+"]
[BlackTitle "I"]
[WhiteElo "1607"]
[BlackElo "1691"]

1. e4 c5 2. Nf3 g6 3. d4 cxd4 4. Nxd4 Nc6 5. c4 Nf6 6. Nc3 d6 7. Be2 Nxd4 8. Qxd4
Bg7 9. Be3 O-O 10. Qd2 Bd7 11. O-O Bc6 12. f3 a5 13. Rac1 Nd7 14. Kh1 Nc5 15.
Bd4 Bxd4 16. Qxd4 Qb6 17. Rcd1 Rfc8 18. f4 Qxb2 19. Bg4 Nxe4 20. Nxe4 Qxd4 21.
Rxd4 f5 22. Nxd6 exd6 23. Bd1 Ra6 24. Rf2 Kg7 25. Rfd2 Re8 26. Kg1 Re4 27. Rxe4
Bxe4 28. Ba4 Rb6 29. Bb5 d5 30. cxd5 Rxb5 31. d6 Bc6 32. d7 Bxd7 33. Rxd7+ Kh6
34. Kf2 Rb2+ 35. Kf3 b5 36. a4 Rb3+ 37. Ke2 bxa4 38. Rd5 a3 39. Rxa5 Kh5 40. h3
Kh6 41. Ra7 Rb2+ 42. Kf3 a2 43. g4 Rb3+ 44. Kg2 g5 45. Ra6+ Kg7 46. fxg5 fxg4
47. hxg4 Rb2+ 48. Kf3 Kf7 49. Kf4 Ke7 50. g6 hxg6 51. Kg5 Rg2 52. Kxg6 Rxg4+ 53.
Kf5 Rg2 54. Ke5 Kd7 55. Kd4 Kc7 56. Kc3 Kb7 57. Ra4 Kb6 58. Kb3 Kb5 59. Rxa2 Rxa2
60. Kxa2 1/2-1/2

[Event "Mistrzostwa Polski Juniorow Mlodszych do lat 14 - OOM Zachodniopomorskie 2023"]
[Site "Darlowek"]
[Date "1899-12-30"]
[Round "3.19"]
[White "Zareba, Piotr"]
[Black "Nocek, Dominik"]
[Result "1-0"]
[WhiteTitle "I+"]
[BlackTitle "I"]
[WhiteElo "1690"]
[BlackElo "1501"]

1. e4 e5 2. Nf3 Nc6 3. Bb5 a6 4. Ba4 Nf6 5. Qe2 Be7 6. c3 b5 7. Bc2 d6 8. a4 b4
9. Qc4 Bd7 10. cxb4 a5 11. bxa5 Nxa5 12. Qc3 c5 13. O-O O-O 14. d3 Qb6 15. Na3
Qa6 16. Nc4 Bd8 17. b3 Bc7 18. Bg5 d5 19. Ncxe5 Qe6 20. Nxd7 Nxd7 21. exd5 Qxd5
22. d4 cxd4 23. Qxd4 Qxd4 24. Nxd4 Be5 25. Rad1 Nb6 26. Nf3 Bc3 27. Be7 Rfe8 28.
Bc5 Rab8 29. b4 Nc6 30. a5 Nc4 31. Ba4 Rec8 32. Rc1 Nxb4 33. Rxc3 Rxc5 34. Bb3
Nxa5 35. Bxf7+ Kxf7 36. Rxc5 Nac6 37. Ne5+ Nxe5 38. Rxe5 Nc6 39. Rc5 Ne7 40. Re1
Ng6 41. g3 Rd8 42. Kg2 Rd7 43. Rf5+ 1-0